Statistics for US Politician Quiz

Click here to take the quiz!

General Stats

  • This quiz has been taken 10 times
  • The average score is 5 of 8

Answer Stats

QuestionAnswer% Correct
What Monster/Creature did President Roosevelt claim to have shot?Bigfoot
89%
What was Washington's occupation before he became a general?Farmer
89%
Who was the US president in 1935?Franklin D. Roosevelt
89%
What politician did actor Tommy Lee Jones have as a roommate in collegeAl Gore
78%
Why did president Lincoln Grow a beardBecause a little girl wrote him a letter, saying it would look better that way
78%
What were George Washington's teeth made out of?All of the above
56%
Which president of the United States was once a hangman?Grover Cleveland
22%
Abraham Lincoln was also:A Bartender
11%

Score Distribution

Percentile by Number Answered

Percent of People with Each Score

Your Score History

You have not taken this quiz